[Event "Indywidualne Mistrzostwa Polski Kobiet do lat 20"]
[Site "Osrodek „SUDETY”, Pokrzywna 75"]
[Date "1899-12-30"]
[Round "1.1"]
[White "Smietanska, Wiktoria"]
[Black "Malicka, Maria"]
[Result "0-1"]
[WhiteTitle "CM"]
[BlackTitle "FM"]
[WhiteElo "1910"]
[BlackElo "2307"]

1. e4 c5 2. Nf3 d6 3. Bb5+ Nd7 4. c3 Ngf6 5. Qe2 a6 6. Ba4 b5 7. Bc2 e5 8. O-O
Be7 9. d4 O-O 10. Rd1 Qc7 11. d5 g6 12. Nbd2 Nh5 13. Nf1 Bf6 14. a4 Rb8 15. Ng3
Nf4 16. Bxf4 exf4 17. Nf1 Ne5 18. Nxe5 Bxe5 19. Rdb1 b4 20. c4 Qe7 21. Bd1 f5
22. f3 fxe4 23. fxe4 Qg7 24. Ra2 g5 25. b3 g4 26. Qd2 Rb7 27. a5 Qg6 28. Bc2 Rg7
29. Rd1 g3 30. h3 Bd4+ 31. Kh1 Bxh3 32. e5 Bf5 33. Bxf5 Rxf5 34. e6 Rh5+ 0-1

[Event "Indywidualne Mistrzostwa Polski Kobiet do lat 20"]
[Site "Osrodek „SUDETY”, Pokrzywna 75"]
[Date "1899-12-30"]
[Round "1.2"]
[White "Rudzinska, Michalina"]
[Black "Bukala, Weronika"]
[Result "1-0"]
[WhiteTitle "WFM"]
[BlackTitle "I++"]
[WhiteElo "2215"]
[BlackElo "1875"]

1. e4 c5 2. Nf3 d6 3. d4 cxd4 4. Nxd4 Nf6 5. Nc3 a6 6. a4 e5 7. Nf3 Be7 8. Bc4
O-O 9. Bg5 Be6 10. Bxf6 Bxf6 11. Nd5 Nd7 12. O-O Nb6 13. Nxf6+ Qxf6 14. Bxe6 Qxe6
15. Re1 Rad8 16. a5 Nc8 17. Ra3 Ne7 18. Qd3 Ng6 19. g3 Qg4 20. Kh1 Kh8 21. Nd2
f5 22. f3 Qh3 23. exf5 Qxf5 24. Qxf5 Rxf5 25. Rb3 Rf7 26. Ne4 Rc7 27. Re2 d5 28.
Rd3 Rf8 29. Rxd5 Rxf3 30. Ng5 Rf6 31. Rd8+ Rf8 32. Red2 Re7 33. R2d7 Ree8 34.
Rxe8 Rxe8 35. Rxb7 e4 36. Nxe4 1-0

[Event "Indywidualne Mistrzostwa Polski Kobiet do lat 20"]
[Site "Osrodek „SUDETY”, Pokrzywna 75"]
[Date "1899-12-30"]
[Round "1.3"]
[White "Siekanska, Zuzanna"]
[Black "Wikar, Martyna"]
[Result "0-1"]
[WhiteTitle "I++"]
[BlackTitle "WFM"]
[WhiteElo "1783"]
[BlackElo "2168"]

1. d4 Nf6 2. c4 g6 3. Nc3 Bg7 4. e4 d6 5. h3 O-O 6. Be3 c5 7. d5 e6 8. Bd3 exd5
9. exd5 Na6 10. Nf3 Nc7 11. O-O Rb8 12. Bg5 h6 13. Bh4 Qd7 14. Qd2 g5 15. Nxg5
hxg5 16. Bxg5 Nh7 17. Rae1 f6 18. Bh6 f5 19. Bg5 Nxg5 20. Qxg5 Rf6 21. Ne2 Qf7
22. Nf4 Bd7 23. Re3 Kf8 24. Rg3 Rh6 25. Be2 Qf6 26. h4 Be8 27. Bd3 Qxg5 28. Rxg5
Rxh4 29. Rxf5+ Kg8 30. Re1 Bd7 31. Ne6 Re8 32. g3 Rh6 33. Be4 Bxe6 34. dxe6 Rhxe6
35. f3 Re5 36. Rf4 b5 0-1

[Event "Indywidualne Mistrzostwa Polski Kobiet do lat 20"]
[Site "Osrodek „SUDETY”, Pokrzywna 75"]
[Date "1899-12-30"]
[Round "1.4"]
[White "Adamczyk, Zuzanna"]
[Black "Szczotka, Klara"]
[Result "0-1"]
[WhiteTitle "WCM"]
[BlackTitle "k+"]
[WhiteElo "2047"]
[BlackElo "1755"]

1. d4 Nf6 2. c4 e6 3. Nf3 d5 4. g3 dxc4 5. Bg2 Nbd7 6. Qc2 a6 7. O-O Rb8 8. e4
b5 9. Bg5 Be7 10. Nc3 Bb7 11. e5 Nd5 12. Bxe7 Qxe7 13. Ne4 Nb4 14. Qe2 O-O 15.
a3 Bxe4 16. Qxe4 Nd5 17. h4 h6 18. Kh2 Rbc8 19. g4 f5 20. gxf5 Rxf5 21. Bh3 Rf4
22. Qg6 Nf8 23. Qg3 Qf7 24. Bg2 Qh5 25. Kh1 Rg4 26. Qh2 Nf4 27. Bh3 Nxh3 28. Qxh3
Rf4 29. Kg2 Ng6 30. Rh1 Rcf8 31. Qxe6+ Kh7 32. Nh2 Rxf2+ 33. Kg1 Rg2+ 34. Kxg2
Nf4+ 35. Kg3 Nxe6 0-1

[Event "Indywidualne Mistrzostwa Polski Kobiet do lat 20"]
[Site "Osrodek „SUDETY”, Pokrzywna 75"]
[Date "1899-12-30"]
[Round "1.5"]
[White "Bugaj, Hanna"]
[Black "Goraj, Barbara"]
[Result "0-1"]
[WhiteTitle "I++"]
[BlackTitle "WCM"]
[WhiteElo "1721"]
[BlackElo "2044"]

1. d4 Nf6 2. c4 g6 3. Nc3 Bg7 4. e4 d6 5. Nf3 O-O 6. Be2 Nbd7 7. O-O e5 8. Be3
Qe7 9. Qc2 exd4 10. Nxd4 c6 11. Rad1 Re8 12. f3 a6 13. Rd2 h6 14. Bf2 h5 15. Be3
d5 16. cxd5 cxd5 17. Bd3 dxe4 18. Nxe4 Nd5 19. Bf2 Ne5 20. Bc4 Nf4 21. Kh1 Bd7
22. Qb3 Nxc4 23. Qxc4 Rac8 24. Qb3 b5 25. Rfd1 Rc7 26. Bg3 Be5 27. Ne2 Be6 28.
Qe3 Nd5 29. Rxd5 Bxd5 30. Rxd5 Bxg3 31. Nf6+ Qxf6 32. Qxe8+ Kh7 33. Rd8 Re7 34.
Qg8+ Kh6 35. hxg3 Rxe2 36. Qf8+ Qg7 37. Qxg7+ Kxg7 38. Rd6 a5 0-1

[Event "Indywidualne Mistrzostwa Polski Kobiet do lat 20"]
[Site "Osrodek „SUDETY”, Pokrzywna 75"]
[Date "1899-12-30"]
[Round "1.6"]
[White "Czarniecka, Aleksandra"]
[Black "Pawicka, Magdalena"]
[Result "1/2-1/2"]
[WhiteTitle "m"]
[BlackTitle "k+"]
[WhiteElo "2031"]
[BlackElo "1691"]

1. e4 e5 2. Nf3 Nc6 3. Bb5 a6 4. Ba4 d6 5. Bxc6+ bxc6 6. d4 f6 7. Be3 Ne7 8. Nc3
Ng6 9. Qd2 Be7 10. h4 h5 11. dxe5 Nxe5 12. Nxe5 fxe5 13. O-O-O Be6 14. f4 exf4
15. Bxf4 O-O 16. g3 Bf6 17. Qe3 Bg4 18. Rd2 Qe7 19. Re1 Qe6 20. a3 Rae8 21. Qd3
a5 22. Rf2 Rf7 23. Rff1 Bh3 24. Rf2 Bg4 25. Rff1 Bh3 26. Rh1 Bg4 27. Re3 Be5 28.
Bxe5 Qxe5 29. Rhe1 Ref8 30. Ne2 Bxe2 31. Qxe2 Re8 32. Qc4 Qb5 33. Qa2 Kf8 34.
Qb3 Qxb3 35. Rxb3 Rfe7 36. Rf3+ Rf7 37. Ref1 Rxf3 38. Rxf3+ Kg8 39. Rf5 c5 40.
Rxh5 Rxe4 41. Rg5 Re2 42. b3 Kf7 43. Kb2 Kf6 44. Kc3 Re4 45. Kb2 1/2-1/2

[Event "Indywidualne Mistrzostwa Polski Kobiet do lat 20"]
[Site "Osrodek „SUDETY”, Pokrzywna 75"]
[Date "1899-12-30"]
[Round "1.7"]
[White "Obrochta, Lena"]
[Black "Marcinczyk, Monika"]
[Result "0-1"]
[WhiteTitle "I++"]
[BlackTitle "WCM"]
[WhiteElo "1660"]
[BlackElo "2020"]

1. e4 e5 2. Nf3 Nc6 3. Bc4 Bc5 4. d3 Nf6 5. c3 d6 6. Bb3 O-O 7. Bg5 h6 8. Bh4 a6
9. h3 Ba7 10. Nbd2 Re8 11. g4 g5 12. Nxg5 hxg5 13. Bxg5 Na5 14. Qf3 Kg7 15. O-O-O
Nxb3+ 16. axb3 Re6 17. Nf1 Qh8 18. Ng3 Kf8 19. Nf5 Nh7 20. h4 Qg8 21. Bh6+ Ke8
22. Be3 Bxe3+ 23. fxe3 Rg6 24. g5 Be6 25. Kc2 f6 26. Nh6 Bxb3+ 27. Kb1 Bxd1 28.
Qxd1 Qe6 29. Qh5 Nf8 30. Rf1 Kd7 0-1

[Event "Indywidualne Mistrzostwa Polski Kobiet do lat 20"]
[Site "Osrodek „SUDETY”, Pokrzywna 75"]
[Date "1899-12-30"]
[Round "1.8"]
[White "Dylag, Emilia"]
[Black "Natoli, Alessia"]
[Result "1-0"]
[WhiteTitle "WFM"]
[BlackTitle "I++"]
[WhiteElo "1956"]
[BlackElo "1633"]

1. d4 Nf6 2. c4 d6 3. Nf3 Nbd7 4. g3 e5 5. Nc3 c6 6. Qc2 Be7 7. Bg2 O-O 8. O-O
Qc7 9. Rd1 Rd8 10. e4 a6 11. a4 a5 12. b3 h6 13. Bb2 g6 14. Rd2 Nh7 15. Ne2 Ng5
16. Ne1 Ne6 17. f4 exd4 18. Nxd4 Nxd4 19. Bxd4 Nc5 20. Kh1 f5 21. Re2 Kf7 22.
Bxc5 dxc5 23. Nd3 Bf6 24. e5 Be7 25. e6+ Kg7 26. g4 Rf8 27. gxf5 gxf5 28. Rg1
Rf6 29. Bxc6+ Kh7 30. Bd5 Ra6 31. Re5 Qd8 32. Qg2 Qf8 33. Bxb7 Bxb7 34. Qxb7 Raxe6
35. Nxc5 Rxe5 36. fxe5 Rf7 37. Ne6 Qe8 38. Qg2 1-0

[Event "Indywidualne Mistrzostwa Polski Kobiet do lat 20"]
[Site "Osrodek „SUDETY”, Pokrzywna 75"]
[Date "1899-12-30"]
[Round "1.9"]
[White "Trybus, Dominika"]
[Black "Starosta, Martyna"]
[Result "0-1"]
[WhiteTitle "I+"]
[BlackTitle "WCM"]
[WhiteElo "1589"]
[BlackElo "1938"]

1. e4 e5 2. Bc4 Nf6 3. Nc3 c6 4. d4 Qa5 5. dxe5 Qxe5 6. Nf3 Qc5 7. Qe2 Be7 8. e5
Nd5 9. Ne4 Qa5+ 10. Bd2 Qc7 11. Nd6+ Kf8 12. Bxd5 cxd5 13. O-O Nc6 14. Nxc8 Rxc8
15. c3 Re8 16. Bf4 h6 17. Bg3 h5 18. Qd2 h4 19. Bf4 Rh5 20. Qxd5 g5 21. Qxf7+
Kxf7 22. e6+ Kxe6 23. Bxc7 d6 24. Nd4+ Nxd4 25. cxd4 b6 26. Rac1 Rc8 27. Rfe1+
Kd7 28. Rxe7+ Kxe7 29. Bxd6+ Kd7 30. Rxc8 Kxc8 31. f3 Rh6 32. Bb4 Kd7 33. Kf2
Kc6 34. Ke2 Kd5 35. Kd3 h3 36. g4 Rf6 37. Ke2 Kc4 38. Bd2 Rg6 39. Be3 b5 40. Kf2
Kd3 41. Bxg5 Rxg5 42. Kg3 Kxd4 43. f4 Rd5 44. Kxh3 Ke4 45. f5 Rd2 46. Kg3 Ke5
47. h4 Rd3+ 48. Kf2 Kf4 49. f6 Kxg4 50. f7 Rf3+ 51. Ke2 Rxf7 52. Kd3 Rc7 53. b3
Kxh4 54. a3 a5 55. Kd4 Kg4 56. Kd3 Kf3 57. Kd4 Ke2 58. b4 axb4 59. axb4 Rc4+ 60.
Kd5 Rxb4 61. Kc5 Rb1 62. Kd4 Kd2 63. Kc5 b4 64. Kb5 b3 65. Ka4 b2 66. Kb3 Kd3
67. Ka2 Kc2 68. Ka3 Ra1+ 69. Kb4 b1=Q+ 70. Kc4 Ra4+ 71. Kc5 Qb4+ 72. Kc6 Ra6+
73. Kc7 Qd6+ 74. Kc8 Ra8+ 75. Kb7 Rb8+ 76. Ka7 Qb6# 0-1

[Event "Indywidualne Mistrzostwa Polski Kobiet do lat 20"]
[Site "Osrodek „SUDETY”, Pokrzywna 75"]
[Date "1899-12-30"]
[Round "1.10"]
[White "Budkiewicz, Magdalena"]
[Black "Szopa, Emilia"]
[Result "1/2-1/2"]
[WhiteTitle "k"]
[BlackTitle "I++"]
[WhiteElo "1929"]
[BlackElo "1588"]

1. e4 c6 2. d4 d5 3. Nc3 dxe4 4. Nxe4 Nd7 5. Nf3 Ngf6 6. Nxf6+ Nxf6 7. Bc4 e6 8.
Bf4 Bd6 9. Bxd6 Qxd6 10. O-O O-O 11. c3 b6 12. Qb3 Bb7 13. Rad1 c5 14. Be2 Nd5
15. dxc5 Qxc5 16. Rd4 Qc7 17. Rh4 Nf4 18. Qc2 Ng6 19. Rh3 Qe7 20. Bd3 f5 21. Nd4
Nf4 22. Rg3 Nh5 23. Re3 Qg5 24. Nf3 Qf6 25. Rfe1 Rae8 26. Bf1 Nf4 27. c4 Be4 28.
Qb3 Kh8 29. Qc3 e5 30. Nd2 Qg5 31. Nxe4 fxe4 32. Rxe4 Rf5 33. Qe3 Qf6 34. f3 Ng6
35. Bd3 Rg5 36. Rg4 Rxg4 37. fxg4 e4 38. Bxe4 Qxb2 39. Qf2 Qc3 40. h3 Qxc4 41.
Bxg6 Rxe1+ 42. Qxe1 Qd4+ 43. Kh1 hxg6 44. Qe8+ Kh7 45. a4 Qd1+ 46. Kh2 Qd6+ 47.
Kh1 a6 48. Qe2 a5 1/2-1/2

[Event "Indywidualne Mistrzostwa Polski Kobiet do lat 20"]
[Site "Osrodek „SUDETY”, Pokrzywna 75"]
[Date "1899-12-30"]
[Round "1.11"]
[White "Salamon, Julia"]
[Black "Zabrzanska, Weronika"]
[Result "1/2-1/2"]
[WhiteTitle "I++"]
[BlackTitle "k"]
[WhiteElo "1515"]
[BlackElo "1923"]

1. d4 Nf6 2. c4 e6 3. Nc3 Bb4 4. e3 d5 5. a3 Bxc3+ 6. bxc3 c6 7. Nf3 O-O 8. Bd3
b6 9. O-O Ba6 10. cxd5 Bxd3 11. Qxd3 cxd5 12. Bb2 Nc6 13. Rac1 Ne4 14. c4 Na5
15. Rc2 Qd6 16. c5 Qc7 17. cxb6 Qxb6 18. Ne5 Rfd8 19. Bc3 Nxc3 20. Rxc3 f6 21.
Rb1 Qd6 22. Rb5 fxe5 23. Rxa5 Rdc8 24. Rac5 Rxc5 25. Rxc5 Rb8 26. Qc2 exd4 27.
exd4 Qa6 28. Rc3 Qb6 29. h4 Qxd4 30. Rc8+ Rxc8 31. Qxc8+ Kf7 32. Qd7+ Kf6 33.
Qd8+ Kf7 34. Qd7+ Kf6 35. Qd8+ Kf7 36. Qd7+ 1/2-1/2

[Event "Indywidualne Mistrzostwa Polski Kobiet do lat 20"]
[Site "Osrodek „SUDETY”, Pokrzywna 75"]
[Date "1899-12-30"]
[Round "1.12"]
[White "Hertlein, Irena"]
[Black "Pietrzak, Emilia"]
[Result "1-0"]
[WhiteTitle "k"]
[BlackTitle "I+"]
[WhiteElo "1918"]
[BlackElo "1497"]

1. e4 c5 2. Nf3 d6 3. d3 Nf6 4. g3 e6 5. Bg2 Be7 6. O-O O-O 7. Nbd2 Nc6 8. Re1
Qc7 9. Nf1 b5 10. h4 d5 11. e5 Nd7 12. Bf4 Ba6 13. N1h2 c4 14. d4 b4 15. Bg5 Nb6
16. Ng4 Bb5 17. Nf6+ Bxf6 18. exf6 g6 19. Bh6 Nd7 20. Bxf8 Rxf8 21. h5 Nxf6 22.
hxg6 hxg6 23. Ng5 Re8 24. c3 a5 25. Qf3 Kg7 26. Rad1 Ba6 27. Qe2 Bc8 28. f4 Ne7
29. Qf3 Rh8 30. Kf2 Nf5 31. g4 Nh4 32. Qg3 Nxg2 33. Kxg2 Qd8 34. Rh1 Nh7 35. Rxh7+
Rxh7 36. Nxh7 Kxh7 37. Rh1+ Kg7 38. Qh3 Kf8 39. Qh8+ Ke7 40. Qg7 Bd7 41. Rh8 Be8
42. Qf8+ Kd7 43. cxb4 axb4 44. Qxb4 Qe7 45. Qxe7+ Kxe7 46. Kf3 Ba4 47. Ra8 Bd1+
48. Kg3 Bc2 49. g5 Bf5 50. Ra7+ Kd6 51. Rxf7 Kc6 52. Kf3 Kb6 53. Ke3 Bb1 54. Re7
Bf5 55. Kd2 Bg4 56. Kc3 Bf5 57. Kb4 Bg4 58. a4 Bf5 59. a5+ Ka6 60. Rd7 Bg4 61.
Rd6+ Ka7 62. a6 Bf5 63. Ka5 Bg4 64. Rd7+ Kb8 65. a7+ Ka8 66. Kb6 1-0

[Event "Indywidualne Mistrzostwa Polski Kobiet do lat 20"]
[Site "Osrodek „SUDETY”, Pokrzywna 75"]
[Date "1899-12-30"]
[Round "2.1"]
[White "Malicka, Maria"]
[Black "Marcinczyk, Monika"]
[Result "1-0"]
[WhiteTitle "FM"]
[BlackTitle "WCM"]
[WhiteElo "2307"]
[BlackElo "2020"]

1. e4 e5 2. Nf3 Nc6 3. Bb5 a6 4. Ba4 Nf6 5. O-O b5 6. Bb3 Bc5 7. Nc3 d6 8. Nd5
Na5 9. d4 Nxb3 10. axb3 exd4 11. Bg5 c6 12. Nxf6+ gxf6 13. Bh4 Bg4 14. h3 Bh5
15. Qd3 Rg8 16. Nxd4 Bxd4 17. Qxd4 Bf3 18. Bg3 h5 19. gxf3 h4 20. Kg2 hxg3 21.
fxg3 Qd7 22. Qxf6 Qe6 23. Qxe6+ fxe6 24. Ra3 1-0

[Event "Indywidualne Mistrzostwa Polski Kobiet do lat 20"]
[Site "Osrodek „SUDETY”, Pokrzywna 75"]
[Date "1899-12-30"]
[Round "2.2"]
[White "Starosta, Martyna"]
[Black "Rudzinska, Michalina"]
[Result "0-1"]
[WhiteTitle "WCM"]
[BlackTitle "WFM"]
[WhiteElo "1938"]
[BlackElo "2215"]

1. e4 c5 2. Nf3 d6 3. d4 cxd4 4. Nxd4 Nf6 5. Nc3 a6 6. Bg5 e6 7. f4 Be7 8. Qf3
Qc7 9. O-O-O Nbd7 10. Bd3 h6 11. Bh4 g5 12. fxg5 Ne5 13. Qe2 Nfg4 14. h3 hxg5
15. Bg3 Nxd3+ 16. cxd3 Ne5 17. Nf3 b5 18. Nxe5 dxe5 19. Qc2 Bb7 20. Ne2 Qxc2+
21. Kxc2 f6 22. Rhf1 O-O 23. a3 Rfd8 24. Bf2 a5 25. Ng3 b4 26. axb4 axb4 27. d4
Ba6 28. Rfe1 Rdc8+ 29. Kd2 b3 30. Ke3 Bb4 31. Rh1 exd4+ 32. Kf3 e5 33. h4 Rc2
34. Ra1 g4+ 35. Kxg4 Rxf2 0-1

[Event "Indywidualne Mistrzostwa Polski Kobiet do lat 20"]
[Site "Osrodek „SUDETY”, Pokrzywna 75"]
[Date "1899-12-30"]
[Round "2.3"]
[White "Wikar, Martyna"]
[Black "Dylag, Emilia"]
[Result "1-0"]
[WhiteTitle "WFM"]
[BlackTitle "WFM"]
[WhiteElo "2168"]
[BlackElo "1956"]

1. e4 e5 2. Nf3 Nc6 3. Bc4 Bc5 4. d3 d6 5. c3 Nf6 6. O-O a6 7. Bb3 Ba7 8. Nbd2
h6 9. Nc4 O-O 10. Re1 Re8 11. Ne3 Be6 12. Bc2 d5 13. exd5 Bxd5 14. Nxd5 Qxd5 15.
Be3 Bxe3 16. Rxe3 Rad8 17. Nd2 Qd7 18. Rg3 Qf5 19. Rf3 Qg5 20. Qe1 Rd6 21. Ne4
Nxe4 22. Qxe4 Re7 23. h4 Qg6 24. Re1 Qxe4 25. Rxe4 g6 26. h5 Kg7 27. hxg6 fxg6
28. Rfe3 Rf7 29. Bd1 Rfd7 30. Be2 Rd8 31. Kf1 b5 32. a4 Rb8 33. axb5 Rxb5 34.
b4 Rb8 35. Rc4 Rb6 36. Bf3 Kf6 37. Rc5 Re6 38. Bd5 Rd6 39. Bxc6 Rbxc6 40. Rexe5
Rxd3 41. Rxc6+ Kxe5 42. Ke2 Rd6 43. Rxc7 h5 44. Ke3 Kf5 45. Rc5+ Kf6 46. f4 Re6+
47. Kf3 Rd6 48. Ke4 Rd2 49. g3 Re2+ 50. Kf3 Re6 51. c4 Rb6 52. b5 axb5 53. cxb5
Kg7 54. Ke4 Rb8 55. Re5 Kf6 56. Kd4 Rb7 57. Rd5 Rb8 58. Kc5 Rc8+ 59. Kd6 Rc3 60.
Rg5 1-0

[Event "Indywidualne Mistrzostwa Polski Kobiet do lat 20"]
[Site "Osrodek „SUDETY”, Pokrzywna 75"]
[Date "1899-12-30"]
[Round "2.4"]
[White "Goraj, Barbara"]
[Black "Hertlein, Irena"]
[Result "1/2-1/2"]
[WhiteTitle "WCM"]
[BlackTitle "k"]
[WhiteElo "2044"]
[BlackElo "1918"]

1. Nf3 d5 2. c4 e6 3. g3 c5 4. Bg2 Nc6 5. O-O Nf6 6. b3 Be7 7. Bb2 d4 8. e3 e5
9. exd4 exd4 10. Re1 O-O 11. d3 h6 12. h3 Bf5 13. Ne5 Nxe5 14. Rxe5 Qd7 15. Qf3
Bg6 16. Qxb7 Qxb7 17. Bxb7 Bd6 18. Re1 Rae8 19. Rd1 Re2 20. Ba3 Rfe8 21. Kg2 Re1
22. Nd2 Rxd1 23. Rxd1 Bxd3 24. Nf3 Be4 25. Bxe4 Nxe4 26. Bb2 Nxg3 27. Bxd4 Nf5
28. Bc3 Re2 29. Rd2 Rxd2 30. Nxd2 Kf8 31. Kf3 Ke7 32. Ke4 Ke6 33. a3 g5 34. b4
Ne7 35. Nb3 f5+ 36. Ke3 Nc6 37. bxc5 Bf4+ 38. Kd3 Be5 39. Bd2 Bf6 40. Ke3 h5 41.
f3 1/2-1/2

[Event "Indywidualne Mistrzostwa Polski Kobiet do lat 20"]
[Site "Osrodek „SUDETY”, Pokrzywna 75"]
[Date "1899-12-30"]
[Round "2.5"]
[White "Szczotka, Klara"]
[Black "Czarniecka, Aleksandra"]
[Result "1/2-1/2"]
[WhiteTitle "k+"]
[BlackTitle "m"]
[WhiteElo "1755"]
[BlackElo "2031"]

1. d4 d5 2. c4 dxc4 3. e3 Nf6 4. Nc3 e6 5. Nf3 a6 6. Bxc4 c5 7. O-O Nc6 8. Re1
Be7 9. dxc5 Qxd1 10. Rxd1 Bxc5 11. Bd2 O-O 12. Be1 b5 13. Be2 Bb7 14. Rac1 Ba7
15. a4 b4 16. Na2 a5 17. Bb5 Rac8 18. Rd6 Ne7 19. Bc4 Nf5 20. Rdd1 Ng4 21. Rd7
Rb8 22. e4 Nfh6 23. e5 Rfd8 24. Rcd1 Rxd7 25. Rxd7 Bxf3 26. Rxa7 Nxe5 27. gxf3
Nxc4 28. b3 Ne5 29. Rxa5 Nxf3+ 30. Kf1 Nd4 31. Bxb4 f6 32. Bc3 Nxb3 33. Rb5 Rxb5
34. axb5 Nc5 35. Nb4 Kf7 36. Na6 Nb7 37. Bb4 Ke8 38. Nc5 Nxc5 39. Bxc5 Kd7 40.
Ke2 Kc7 41. Kd3 Ng4 42. h3 Ne5+ 43. Kc3 h5 44. Bf8 g5 45. Be7 Nd7 46. Kc4 h4 47.
f3 Ne5+ 48. Kd4 Nxf3+ 49. Ke3 Ng1 50. Bxf6 Nxh3 51. Kf3 Kb6 52. Kg4 Nf2+ 53. Kf3
Nd3 54. Bxg5 Ne5+ 55. Ke4 h3 56. Bf4 Ng6 57. Bh2 Kxb5 58. Kf3 e5 59. Bxe5 Nxe5+
60. Kg3 Kc4 1/2-1/2

[Event "Indywidualne Mistrzostwa Polski Kobiet do lat 20"]
[Site "Osrodek „SUDETY”, Pokrzywna 75"]
[Date "1899-12-30"]
[Round "2.6"]
[White "Zabrzanska, Weronika"]
[Black "Budkiewicz, Magdalena"]
[Result "1-0"]
[WhiteTitle "k"]
[BlackTitle "k"]
[WhiteElo "1923"]
[BlackElo "1929"]

1. e4 c5 2. c3 e5 3. Nf3 Nc6 4. d4 d6 5. Bc4 Be7 6. dxe5 Nxe5 7. Nxe5 dxe5 8. Qh5
g6 9. Qxe5 Nf6 10. Bg5 O-O 11. Bxf6 Bxf6 12. Qxc5 Bg4 13. Nd2 Rc8 14. Qe3 Bg5
15. f4 Bh4+ 16. g3 Be7 17. h3 Bc5 18. Qd3 Bd7 19. O-O-O Qc7 20. Nb3 Ba4 21. Bd5
b5 22. h4 b4 23. c4 a5 24. h5 Qa7 25. hxg6 hxg6 26. e5 Kg7 27. f5 Be3+ 28. Kb1
1-0

[Event "Indywidualne Mistrzostwa Polski Kobiet do lat 20"]
[Site "Osrodek „SUDETY”, Pokrzywna 75"]
[Date "1899-12-30"]
[Round "2.7"]
[White "Pawicka, Magdalena"]
[Black "Salamon, Julia"]
[Result "1-0"]
[WhiteTitle "k+"]
[BlackTitle "I++"]
[WhiteElo "1691"]
[BlackElo "1515"]

1. e4 c5 2. Nf3 e6 3. d4 cxd4 4. Nxd4 Nf6 5. Nc3 Nc6 6. Ndb5 Bb4 7. a3 Bxc3+ 8.
Nxc3 d5 9. exd5 exd5 10. Bd3 O-O 11. O-O Bg4 12. f3 Be6 13. Bg5 Qb6+ 14. Kh1 Nd7
15. f4 f6 16. Bh4 Rad8 17. Bf2 Qc7 18. Bf5 Bf7 19. Nxd5 Bxd5 20. Qxd5+ Kh8 21.
Qf3 g6 22. Bd3 Nb6 23. Rad1 Nd5 24. Bc5 Nde7 25. Rfe1 b6 26. Bxe7 Nxe7 27. Be4
f5 28. Rxd8 Rxd8 29. Bd3 Nd5 30. g3 Kg7 31. Qe2 Qc6 32. Kg1 Qc5+ 33. Qf2 Qxf2+
34. Kxf2 Kf6 35. Bc4 Nc7 36. Re2 b5 37. Bb3 Rd6 38. Ke1 Rc6 39. Kd2 Na6 40. Re8
Nc5 41. Rf8+ Kg7 42. Rf7+ Kh8 43. Rxa7 Ne4+ 44. Ke3 Rd6 45. a4 bxa4 46. Rxa4 Nc5
47. Rc4 Na6 48. Ba4 Re6+ 49. Kd2 Rd6+ 50. Kc3 Rd8 51. b4 Kg8 52. b5 Nb8 53. b6
Kf8 54. Rc7 h5 55. b7 Na6 56. Rc8 Ke7 57. Kc4 Nb8 58. Kc5 Na6+ 59. Kb6 Rd6+ 60.
Bc6 1-0

[Event "Indywidualne Mistrzostwa Polski Kobiet do lat 20"]
[Site "Osrodek „SUDETY”, Pokrzywna 75"]
[Date "1899-12-30"]
[Round "2.8"]
[White "Szopa, Emilia"]
[Black "Adamczyk, Zuzanna"]
[Result "0-1"]
[WhiteTitle "I++"]
[BlackTitle "WCM"]
[WhiteElo "1588"]
[BlackElo "2047"]

1. e4 c6 2. d4 d5 3. Nc3 dxe4 4. Nxe4 Nf6 5. Nxf6+ exf6 6. Bc4 Na6 7. Bf4 Be7 8.
Ne2 O-O 9. O-O Nc7 10. c3 Nd5 11. Bg3 Be6 12. Bd3 Bd6 13. Qc2 g6 14. Qd2 Kg7 15.
Bxd6 Qxd6 16. f4 f5 17. Rae1 b5 18. b3 Rfd8 19. g4 Ne7 20. g5 Rh8 21. Rf2 h6 22.
c4 bxc4 23. bxc4 Rab8 24. Qc3 Qb4 25. h4 Qxc3 26. Nxc3 hxg5 27. hxg5 Rh3 28. Rd2
Rbh8 29. Ree2 Kf8 30. Na4 Rxd3 31. Rxd3 Bxc4 32. Ree3 Bxd3 33. Rxd3 Rh4 34. Rf3
Nd5 35. Nc5 Rxf4 36. Ra3 Rxd4 37. Rxa7 Rg4+ 38. Kf2 Rxg5 39. Nd7+ Ke8 40. Ne5
f6 41. Nxc6 Rg4 42. a4 Rf4+ 43. Kg3 Rc4 44. Nb8 Rc3+ 45. Kf2 Rc7 46. Ra6 g5 47.
a5 g4 48. Kg1 f4 49. Rd6 Rc1+ 50. Kf2 g3+ 51. Kf3 Rf1+ 52. Ke2 g2 0-1

[Event "Indywidualne Mistrzostwa Polski Kobiet do lat 20"]
[Site "Osrodek „SUDETY”, Pokrzywna 75"]
[Date "1899-12-30"]
[Round "2.9"]
[White "Obrochta, Lena"]
[Black "Smietanska, Wiktoria"]
[Result "1/2-1/2"]
[WhiteTitle "I++"]
[BlackTitle "CM"]
[WhiteElo "1660"]
[BlackElo "1910"]

1. e4 c6 2. d4 d5 3. exd5 cxd5 4. Bd3 Nc6 5. c3 Qc7 6. Nf3 Bg4 7. h3 Bh5 8. O-O
e6 9. Be3 Bd6 10. Nbd2 Nge7 11. Re1 Bg6 12. Qe2 O-O 13. Nh4 Bxd3 14. Qxd3 Rab8
15. a4 a6 16. Rf1 Rfc8 17. f4 Ng6 18. Nxg6 hxg6 19. Qe2 Ne7 20. a5 Nf5 21. Rf3
Qc6 22. Bf2 Bc7 23. g3 Nd6 24. Re3 Qb5 25. Qxb5 axb5 26. b4 Ra8 27. Ra3 Ra6 28.
Rb3 b6 29. axb6 Bxb6 30. Kf1 Ra2 31. Ke2 Nc4 32. Rd3 Rca8 33. Be1 Rc2 34. Rb1
Raa2 35. Kd1 Rcb2 36. Rc1 Nd6 37. Rb1 Rxb1+ 38. Nxb1 Nc4 39. Rf3 Nb2+ 40. Kc2
Nc4+ 41. Kc1 Rh2 42. h4 Ra2 43. Rf2 Ra1 44. Kc2 Kf8 45. Re2 Ke7 46. Nd2 Ra2+ 47.
Kd3 Nb2+ 48. Ke3 Na4 49. Nf3 Nb2 50. Ne5 Nd1+ 51. Kd3 Nb2+ 52. Ke3 Nd1+ 53. Kd3
Nb2+ 54. Ke4 1/2-1/2

[Event "Indywidualne Mistrzostwa Polski Kobiet do lat 20"]
[Site "Osrodek „SUDETY”, Pokrzywna 75"]
[Date "1899-12-30"]
[Round "2.10"]
[White "Bukala, Weronika"]
[Black "Trybus, Dominika"]
[Result "1-0"]
[WhiteTitle "I++"]
[BlackTitle "I+"]
[WhiteElo "1875"]
[BlackElo "1589"]

1. e4 c6 2. d4 d5 3. exd5 cxd5 4. Bd3 Nf6 5. h3 Nc6 6. c3 Bd7 7. Nf3 Qc8 8. Bf4
Bf5 9. O-O Bxd3 10. Qxd3 e6 11. Nbd2 Be7 12. Rfe1 O-O 13. Rac1 Qd7 14. Be5 Ne8
15. Bg3 Nd6 16. Bxd6 Qxd6 17. Ne5 Bg5 18. Rcd1 f6 19. Nef3 Bf4 20. Nf1 Rad8 21.
g3 Bh6 22. Ne3 Bxe3 23. Qxe3 Rfe8 24. Rd2 Re7 25. Nh4 g5 26. Nf3 e5 27. dxe5 Nxe5
28. Rde2 Nc6 29. Qd3 Rde8 30. Rxe7 Rxe7 31. Rd1 Rd7 32. h4 g4 33. Nd4 Nxd4 34.
Qxd4 Qe6 35. c4 h5 36. cxd5 Qa6 37. Qe4 Kg7 38. Qf5 Rd6 39. Qxh5 Qe2 40. Rc1 Rd7
41. Qf5 Re7 42. d6 Qxb2 43. Qxg4+ Kh7 44. Rc5 Re1+ 45. Kg2 Re5 46. Rc7+ Kh6 47.
Qg7+ Kh5 48. Qh7+ Kg4 49. Rc4+ Re4 50. Rxe4# 1-0

[Event "Indywidualne Mistrzostwa Polski Kobiet do lat 20"]
[Site "Osrodek „SUDETY”, Pokrzywna 75"]
[Date "1899-12-30"]
[Round "2.11"]
[White "Natoli, Alessia"]
[Black "Siekanska, Zuzanna"]
[Result "0-1"]
[WhiteTitle "I++"]
[BlackTitle "I++"]
[WhiteElo "1633"]
[BlackElo "1783"]

1. e4 e5 2. Nf3 Nc6 3. Bb5 a6 4. Ba4 Nf6 5. d3 d6 6. c3 b5 7. Bc2 Be7 8. O-O O-O
9. Re1 Re8 10. Nbd2 Bf8 11. Nf1 h6 12. h3 Na5 13. Ng3 c5 14. d4 cxd4 15. cxd4
exd4 16. Nxd4 Qc7 17. Bf4 Nc4 18. b3 Ne5 19. Rc1 Qa5 20. Bb1 Bd7 21. Be3 Rac8
22. f4 Nc6 23. Nxc6 Bxc6 24. Bf2 b4 25. Kh2 d5 26. e5 Ne4 27. Bd4 Bb7 28. Qg4
Qd8 29. Nh5 Kh8 30. e6 f6 31. Bxe4 dxe4 32. Bc5 Rxc5 33. Rxc5 Qd6 34. Rcc1 Rxe6
35. Red1 Qe7 36. f5 Rd6 37. Nf4 Qe5 38. Kh1 Kg8 39. Ne6 Rxe6 40. fxe6 Bd5 41.
Rxd5 Qxd5 42. Rd1 Qe5 43. Re1 Bd6 44. g3 f5 45. Qg6 Qxg3 46. Qxg3 Bxg3 47. Re2
Kf8 48. Kg2 Be5 49. Rd2 Ke7 50. Rd5 Kxe6 51. Ra5 g5 52. Rxa6+ Bd6 53. Kf2 h5 54.
Ra8 Ke5 55. h4 gxh4 56. Rh8 Kf4 57. Rxh5 Kg4 58. Rh8 Bg3+ 59. Kg2 e3 60. Rg8+
Kf4 61. Re8 Be1 62. Re7 Bc3 63. Re8 Be5 64. Re7 h3+ 65. Rg7 0-1